Statistiken für Anime Bilderquiz - Zu Welchem Anime gehört das Bild

Klicken Sie hier um das Quiz zu spielen!

Allgemein

  • Dieses Quiz wurde 1.372 mal gespielt
  • Das Durchschnittsergebnis liegt bei 14 aus 20

Antwortstatistiken

Antwort% Korrekt
Dragon Ball Z
98%
Attack on Titan
96%
Demon Slayer
94%
Death Note
93%
Hunter x Hunter
92%
Sailor Moon
90%
Bleach
88%
My Hero Academia
88%
Jujutsu Kaisen
87%
Assassination Classroom
86%
Digimon
86%
Haikyuu
85%
Vinland Saga
73%
Fire Force
65%
Die Kickers
58%
Mila Superstar
36%
Fruits Basket
29%
Dorohedoro
21%
Doremi
20%
Taro Alien
3%

Verteilung der Resultate

Perzentil nach korrekt beantworteten Fragen

Anzahl Personen mit jedem Resultat

Ihre Resultats-Entwicklung

Sie haben dieses Quiz noch nicht gespielt